Flexible automation : (Record no. 13193)

MARC details
000 -LEADER
fixed length control field 00874pam a2200277 a 4500
001 - CONTROL NUMBER
control field 000
005 - DATE AND TIME OF LATEST TRANSACTION
control field 20170717103118.0
006 - FIXED-LENGTH DATA ELEMENTS--ADDITIONAL MATERIAL CHARACTERISTICS--GENERAL INFORMATION
fixed length control field 000
007 - PHYSICAL DESCRIPTION FIXED FIELD--GENERAL INFORMATION
fixed length control field 000
008 - FIXED-LENGTH DATA ELEMENTS--GENERAL INFORMATION
fixed length control field 000
010 ## - LIBRARY OF CONGRESS CONTROL NUMBER
LC control number 87025606
020 ## - INTERNATIONAL STANDARD BOOK NUMBER
International Standard Book Number 0631159711 :
Terms of availability $49.95 (U.S.)
040 ## - CATALOGING SOURCE
Original cataloging agency UOEL
Transcribing agency DLC
Modifying agency DLC
050 00 - LIBRARY OF CONGRESS CALL NUMBER
Classification number TS155.6
Item number .E27 1988
082 00 - DEWEY DECIMAL CLASSIFICATION NUMBER
Classification number 670.42
Edition number 19
100 1# - MAIN ENTRY--PERSONAL NAME
Personal name Edquist, Charles,
Dates associated with a name 1947-
245 10 - TITLE STATEMENT
Title Flexible automation :
Remainder of title the global diffusion of new technology in the engineering industry /
Statement of responsibility, etc Charles Edquist and Staffan Jacobsson.
260 ## - PUBLICATION, DISTRIBUTION, ETC. (IMPRINT)
Place of publication, distribution, etc Oxford, OX, UK ;
-- New York, NY, USA :
Name of publisher, distributor, etc B. Blackwell,
Date of publication, distribution, etc 1988.
300 ## - PHYSICAL DESCRIPTION
Extent 227 p. :
Other physical details ill. ;
Dimensions 24 cm.
500 ## - GENERAL NOTE
General note Includes index.
504 ## - BIBLIOGRAPHY, ETC. NOTE
Bibliography, etc Bibliography: p. [212]-221.
650 #0 - SUBJECT ADDED ENTRY--TOPICAL TERM
Topical term or geographic name as entry element Flexible manufacturing systems.
General subdivision Technology
700 1# - ADDED ENTRY--PERSONAL NAME
Personal name Jacobsson, Staffan.
906 ## - LOCAL DATA ELEMENT F, LDF (RLIN)
a 7
b cbc
c orignew
d 1
e ocip
f 19
g y-gencatlg
942 ## - ADDED ENTRY ELEMENTS (KOHA)
Source of classification or shelving scheme Library of Congress Classification
Item type SES Book
Holdings
Withdrawn status Lost status Source of classification or shelving scheme Damaged status Not for loan Home library Current library Shelving location Date acquired Total Checkouts Full call number Barcode Date last seen Copy number Price effective from Koha item type
    Library of Congress Classification     UOE Main Library UOE Main Library Open shelf 17/07/2017   TS155.6 .E27 1988 10035988 17/07/2017 10035988 17/07/2017 SES Book